[Event "DEM U12w 2018"]
[Site "Willingen GER"]
[Date "2018.05.23"]
[Round "7"]
[White "von Rosen, Anna"]
[Black "Prinzen, Siri Marleen"]
[Result "0-1"]
[Termination "normal"]
[Board "19"]
[WhiteElo "1395"]
[BlackElo "1227"]
[PlyCount "52"]
[WhiteFideId "12982997"]
[BlackFideId "16265912"]
[EventCountry "GER"]
[EventRounds "11"]
[EventType "swiss"]
[EventDate "2018.05.19"]

1. e4 e5 2. Nf3 Nc6 3. Bc4 Nd4 4. Nxd4 exd4 5. c3 Bc5 6. d3 Nf6 7. Bf4 d6 8.
Nd2 Qe7 9. O-O Bg4 10. Nf3 O-O 11. h3 Bh5 12. Re1 Qd7 13. cxd4 Bxd4 14. g4 Nxg4
15. Nxd4 Nf6 16. f3 Qxh3 17. Kf2 Qd7 18. e5 dxe5 19. Bxe5 Nd5 20. Rg1 f6 21.
Bh2 Kh8 22. Bxd5 Qxd5 23. Qa4 c5 24. Rge1 cxd4 25. Re4 Qf5 26. Bf4 g5 0-1

[Event "DEM U12w 2018"]
[Site "Willingen GER"]
[Date "2018.05.24"]
[Round "8"]
[White "Werner, Rosalie"]
[Black "Bashylina, Luisa"]
[Result "0-1"]
[Termination "normal"]
[Board "1"]
[WhiteElo "1575"]
[BlackElo "1764"]
[WhiteClock "00:19:33"]
[BlackClock "00:50:02"]
[PlyCount "88"]
[WhiteFideId "16223748"]
[BlackFideId "12983292"]
[EventCountry "GER"]
[EventRounds "11"]
[EventType "swiss"]
[EventDate "2018.05.19"]

1. e4 {[%clk 1:15:59]} 1... c5 {[%clk 1:15:56]} 2. Nf3 {[%clk 1:16:25]} 2... a6
{[%clk 1:16:21]} 3. d4 {[%clk 1:16:45]} 3... cxd4 {[%clk 1:16:47]} 4. Nxd4 {
[%clk 1:17:07]} 4... Nf6 {[%clk 1:17:11]} 5. Nc3 {[%clk 1:17:30]} 5... e5 {
[%clk 1:17:37]} 6. Nb3 {[%clk 1:16:30]} 6... Bb4 {[%clk 1:17:41]} 7. f3 { [%clk
1:15:07]} 7... d5 {[%clk 1:14:32]} 8. exd5 {[%clk 1:07:25]} 8... Nxd5 { [%clk
1:14:50]} 9. Bd2 {[%clk 1:06:37]} 9... Nxc3 {[%clk 1:10:50]} 10. Bxc3 { [%clk
1:02:28]} 10... Bxc3+ {[%clk 1:10:40]} 11. bxc3 {[%clk 1:02:49]} 11... Qc7
{[%clk 1:10:40]} 12. Qd2 {[%clk 1:01:54]} 12... O-O {[%clk 1:09:42]} 13. Bd3
{[%clk 1:00:25]} 13... Be6 {[%clk 1:03:39]} 14. Nc1 {[%clk 0:56:26]} 14... Nd7
{[%clk 1:02:15]} 15. O-O {[%clk 0:50:23]} 15... Nc5 {[%clk 1:01:39]} 16. Rd1
{[%clk 0:36:22]} 16... Rfd8 {[%clk 0:59:50]} 17. Qe1 {[%clk 0:34:00]} 17...
Rac8 {[%clk 0:54:08]} 18. a4 {[%clk 0:32:27]} 18... f6 {[%clk 0:52:15]} 19. Ra3
{[%clk 0:27:50]} 19... Nxd3 {[%clk 0:51:17]} 20. Nxd3 {[%clk 0:26:30]} 20...
Rxd3 {[%clk 0:51:35]} 21. cxd3 {[%clk 0:23:57]} 21... Qc5+ {[%clk 0:51:34]} 22.
d4 {[%clk 0:24:08]} 22... Qxa3 {[%clk 0:51:32]} 23. dxe5 {[%clk 0:20:08]} 23...
Qc5+ {[%clk 0:50:19]} 24. Kh1 {[%clk 0:20:13]} 24... Qxe5 {[%clk 0:48:28]} 25.
Qxe5 {[%clk 0:19:49]} 25... fxe5 {[%clk 0:48:49]} 26. Rd3 {[%clk 0:19:36]}
26... Rc4 {[%clk 0:47:54]} 27. a5 {[%clk 0:19:44]} 27... Ra4 {[%clk 0:48:06]}
28. Kg1 {[%clk 0:20:03]} 28... Rxa5 {[%clk 0:48:24]} 29. Kf2 {[%clk 0:20:04]}
29... Rd5 {[%clk 0:48:24]} 30. Re3 {[%clk 0:20:15]} 30... Kf7 {[%clk 0:48:33]}
31. Ke2 {[%clk 0:20:15]} 31... Kf6 {[%clk 0:48:33]} 32. g4 {[%clk 0:19:33]}
32... a5 {[%clk 0:48:45]} 33. Re4 {[%clk 0:19:28]} 33... Bd7 {[%clk 0:47:50]}
34. Rc4 {[%clk 0:19:16]} 34... Bb5 {[%clk 0:48:15]} 35. Ke3 {[%clk 0:19:31]}
35... Bxc4 {[%clk 0:48:37]} 36. h4 {[%clk 0:19:31]} 36... a4 {[%clk 0:48:51]}
37. Ke4 {[%clk 0:19:08]} 37... a3 {[%clk 0:49:11]} 38. g5+ {[%clk 0:19:25]}
38... Ke6 {[%clk 0:49:29]} 39. f4 {[%clk 0:19:03]} 39... exf4 {[%clk 0:49:35]}
40. Kxf4 {[%clk 0:19:21]} 40... a2 {[%clk 0:49:58]} 41. Kg3 {[%clk 0:19:15]}
41... a1=Q {[%clk 0:50:12]} 42. g6 {[%clk 0:19:21]} 42... Qxc3+ {[%clk 0:50:28]
} 43. Kf4 {[%clk 0:19:16]} 43... Rf5+ {[%clk 0:50:02]} 44. Ke4 {[%clk 0:19:33]}
44... Qe5# 0-1

[Event "DEM U12w 2018"]
[Site "Willingen GER"]
[Date "2018.05.24"]
[Round "8"]
[White "Zhou, Lepu Coco"]
[Black "Schneider, Anna"]
[Result "1-0"]
[Termination "normal"]
[Board "2"]
[WhiteElo "1720"]
[BlackElo "1432"]
[WhiteClock "00:15:16"]
[BlackClock "00:16:47"]
[PlyCount "163"]
[WhiteFideId "16217136"]
[BlackFideId "16200527"]
[EventCountry "GER"]
[EventRounds "11"]
[EventType "swiss"]
[EventDate "2018.05.19"]

1. e4 {[%clk 1:15:59]} 1... e5 {[%clk 1:15:55]} 2. Nf3 {[%clk 1:16:25]} 2...
Nc6 {[%clk 1:16:19]} 3. Bb5 {[%clk 1:16:51]} 3... a6 {[%clk 1:16:44]} 4. Ba4 {
[%clk 1:17:17]} 4... Nf6 {[%clk 1:17:09]} 5. O-O {[%clk 1:17:40]} 5... Be7 {
[%clk 1:17:35]} 6. Qe2 {[%clk 1:18:03]} 6... b5 {[%clk 1:17:59]} 7. Bb3 { [%clk
1:18:27]} 7... O-O {[%clk 1:18:21]} 8. d4 {[%clk 1:18:53]} 8... d6 { [%clk
1:18:07]} 9. c3 {[%clk 1:19:17]} 9... Na5 {[%clk 1:18:25]} 10. Bc2 { [%clk
1:19:40]} 10... Bg4 {[%clk 1:18:14]} 11. Rd1 {[%clk 1:20:02]} 11... Qc8 { [%clk
1:18:10]} 12. h3 {[%clk 1:19:23]} 12... Bh5 {[%clk 1:18:20]} 13. a4 { [%clk
1:19:24]} 13... c6 {[%clk 1:16:47]} 14. Nbd2 {[%clk 1:15:21]} 14... Qc7 { [%clk
1:14:43]} 15. b4 {[%clk 1:14:43]} 15... Nb7 {[%clk 1:14:48]} 16. Nf1 { [%clk
1:14:42]} 16... Rfe8 {[%clk 1:14:00]} 17. Ng3 {[%clk 1:14:53]} 17... Bg6 {[%clk
1:12:35]} 18. Nh4 {[%clk 1:12:31]} 18... Rad8 {[%clk 1:11:41]} 19. Nhf5 {[%clk
1:11:20]} 19... h6 {[%clk 1:10:51]} 20. f4 {[%clk 1:06:14]} 20... Bf8 { [%clk
1:07:24]} 21. Nh4 {[%clk 0:52:45]} 21... c5 {[%clk 0:56:00]} 22. f5 { [%clk
0:52:15]} 22... Bh7 {[%clk 0:56:14]} 23. d5 {[%clk 0:48:59]} 23... cxb4 { [%clk
0:52:33]} 24. cxb4 {[%clk 0:49:07]} 24... Qc3 {[%clk 0:52:18]} 25. Ra3 { [%clk
0:48:25]} 25... Qxb4 {[%clk 0:52:21]} 26. axb5 {[%clk 0:48:36]} 26... axb5
{[%clk 0:51:41]} 27. Rb3 {[%clk 0:48:09]} 27... Qc5+ {[%clk 0:48:51]} 28. Be3
{[%clk 0:48:24]} 28... Qc8 {[%clk 0:48:30]} 29. Rxb5 {[%clk 0:45:21]} 29... Rd7
{[%clk 0:42:37]} 30. Ba4 {[%clk 0:44:01]} 30... Ree7 {[%clk 0:39:54]} 31. Bb6
{[%clk 0:38:54]} 31... Nc5 {[%clk 0:37:30]} 32. Bxc5 {[%clk 0:38:03]} 32...
dxc5 {[%clk 0:37:38]} 33. d6 {[%clk 0:37:57]} 33... Re8 {[%clk 0:31:54]} 34.
Rb6 {[%clk 0:37:26]} 34... Red8 {[%clk 0:31:35]} 35. Bxd7 {[%clk 0:36:11]}
35... Rxd7 {[%clk 0:31:37]} 36. Qa6 {[%clk 0:36:07]} 36... Qd8 {[%clk 0:26:56]}
37. Nf3 {[%clk 0:35:44]} 37... Qe8 {[%clk 0:22:41]} 38. Qc4 {[%clk 0:35:49]}
38... Rd8 {[%clk 0:21:07]} 39. Qc3 {[%clk 0:24:49]} 39... Qa4 {[%clk 0:18:27]}
40. Ra1 {[%clk 0:20:06]} 40... Qe8 {[%clk 0:17:58]} 41. Qxe5 {[%clk 0:17:31]}
41... Bxd6 {[%clk 0:16:06]} 42. Qxe8+ {[%clk 0:16:50]} 42... Nxe8 { [%clk
0:16:22]} 43. e5 {[%clk 0:16:04]} 43... Bc7 {[%clk 0:16:12]} 44. Rba6 { [%clk
0:14:21]} 44... f6 {[%clk 0:15:37]} 45. Ra8 {[%clk 0:13:53]} 45... Rxa8 { [%clk
0:15:50]} 46. Rxa8 {[%clk 0:14:17]} 46... Kf8 {[%clk 0:16:08]} 47. Nh5 { [%clk
0:12:07]} 47... fxe5 {[%clk 0:15:31]} 48. f6 {[%clk 0:10:59]} 48... gxf6 {[%clk
0:09:37]} 49. Nxf6 {[%clk 0:10:22]} 49... Bg6 {[%clk 0:09:55]} 50. Nd7+ {[%clk
0:10:35]} 50... Ke7 {[%clk 0:09:36]} 51. Ndxe5 {[%clk 0:09:31]} 51... Be4
{[%clk 0:09:11]} 52. Ra6 {[%clk 0:09:48]} 52... Bd6 {[%clk 0:07:30]} 53. Kf2
{[%clk 0:06:19]} 53... h5 {[%clk 0:04:07]} 54. Ke3 {[%clk 0:05:22]} 54... Nf6
{[%clk 0:03:11]} 55. Nc4 {[%clk 0:04:31]} 55... Bxf3 {[%clk 0:03:14]} 56. Kxf3
{[%clk 0:04:47]} 56... Bh2 {[%clk 0:02:39]} 57. Ra1 {[%clk 0:03:44]} 57... h4
{[%clk 0:02:13]} 58. Re1+ {[%clk 0:01:48]} 58... Kd7 {[%clk 0:02:03]} 59. Nb6+
{[%clk 0:14:34]} 59... Kd6 {[%clk 0:16:56]} 60. Nc4+ {[%clk 0:14:20]} 60... Kd5
{[%clk 0:16:36]} 61. Ne3+ {[%clk 0:14:31]} 61... Kc6 {[%clk 0:15:25]} 62. Nf5
{[%clk 0:14:37]} 62... Nd5 {[%clk 0:14:43]} 63. Nxh4 63... Bc7 { [%clk
0:14:46]} 64. g4 {[%clk 0:14:06]} 64... c4 {[%clk 0:14:56]} 65. Rc1 { [%clk
0:14:08]} 65... Kc5 {[%clk 0:15:11]} 66. Ng2 {[%clk 0:13:59]} 66... c3 { [%clk
0:15:08]} 67. Ke2 {[%clk 0:13:20]} 67... Kc4 {[%clk 0:14:10]} 68. Ne3+ { [%clk
0:12:57]} 68... Nxe3 {[%clk 0:14:36]} 69. Kxe3 {[%clk 0:13:22]} 69... Bd8
{[%clk 0:14:25]} 70. Kf4 {[%clk 0:12:10]} 70... Be7 {[%clk 0:14:19]} 71. g5 {
[%clk 0:11:46]} 71... Ba3 {[%clk 0:14:13]} 72. Rxc3+ {[%clk 0:11:23]} 72...
Kxc3 {[%clk 0:14:36]} 73. g6 {[%clk 0:11:48]} 73... Bc1+ {[%clk 0:14:44]} 74.
Kf5 {[%clk 0:12:10]} 74... Bh6 {[%clk 0:15:07]} 75. Kf6 {[%clk 0:12:35]} 75...
Kd4 {[%clk 0:14:47]} 76. g7 {[%clk 0:12:43]} 76... Bxg7+ {[%clk 0:14:57]} 77.
Kxg7 {[%clk 0:13:08]} 77... Ke4 {[%clk 0:15:22]} 78. h4 {[%clk 0:13:33]} 78...
Kf5 {[%clk 0:15:39]} 79. h5 {[%clk 0:13:59]} 79... Kg5 {[%clk 0:16:02]} 80. h6
{[%clk 0:14:26]} 80... Kf5 {[%clk 0:16:23]} 81. h7 {[%clk 0:14:51]} 81... Ke4 {
[%clk 0:16:47]} 82. h8=Q {[%clk 0:15:16]} 1-0

[Event "DEM U12w 2018"]
[Site "Willingen GER"]
[Date "2018.05.24"]
[Round "8"]
[White "Pohle, Saskia"]
[Black "Wagner, Margarethe"]
[Result "0-1"]
[Termination "normal"]
[Board "3"]
[WhiteElo "1611"]
[BlackElo "1515"]
[WhiteClock "00:05:12"]
[BlackClock "00:20:21"]
[PlyCount "108"]
[WhiteFideId "16201604"]
[BlackFideId "16236947"]
[EventCountry "GER"]
[EventRounds "11"]
[EventType "swiss"]
[EventDate "2018.05.19"]

1. e4 {[%clk 1:15:59]} 1... c5 {[%clk 1:15:55]} 2. Nf3 {[%clk 1:16:25]} 2... a6
{[%clk 1:16:17]} 3. d4 {[%clk 1:15:27]} 3... cxd4 {[%clk 1:16:39]} 4. Nxd4 {
[%clk 1:15:51]} 4... e5 {[%clk 1:16:18]} 5. Ne2 {[%clk 1:07:21]} 5... Nf6 {
[%clk 1:16:02]} 6. Nbc3 {[%clk 1:07:46]} 6... Bb4 {[%clk 1:15:17]} 7. a3 {
[%clk 1:05:48]} 7... Ba5 {[%clk 1:11:45]} 8. Bd2 {[%clk 1:02:53]} 8... d6 {
[%clk 1:07:49]} 9. Ng3 {[%clk 0:53:25]} 9... Be6 {[%clk 1:05:34]} 10. Be2 {
[%clk 0:51:10]} 10... Nc6 {[%clk 1:02:06]} 11. O-O {[%clk 0:48:10]} 11... O-O {
[%clk 1:01:23]} 12. Na2 {[%clk 0:30:24]} 12... Bxd2 {[%clk 0:57:58]} 13. Qxd2 {
[%clk 0:30:41]} 13... Nd4 {[%clk 0:58:18]} 14. Bd3 {[%clk 0:30:34]} 14... Qb6 {
[%clk 0:55:24]} 15. Nc3 {[%clk 0:28:25]} 15... Rac8 {[%clk 0:52:50]} 16. Nge2 {
[%clk 0:24:14]} 16... Bg4 {[%clk 0:42:55]} 17. Rab1 {[%clk 0:15:01]} 17... Ne6
{[%clk 0:38:04]} 18. h3 {[%clk 0:10:30]} 18... Bh5 {[%clk 0:38:01]} 19. Ng3 {
[%clk 0:10:56]} 19... Bg6 {[%clk 0:38:21]} 20. Rfe1 {[%clk 0:10:05]} 20... Qc5
{[%clk 0:34:18]} 21. Bf1 {[%clk 0:05:44]} 21... Nd4 {[%clk 0:29:56]} 22. Bd3 {
[%clk 0:04:12]} 22... Qc6 {[%clk 0:27:41]} 23. Rbd1 {[%clk 0:04:14]} 23... Rfd8
{[%clk 0:26:27]} 24. Nge2 {[%clk 0:03:12]} 24... Ne6 {[%clk 0:25:06]} 25. Ng3 {
[%clk 0:02:41]} 25... h6 {[%clk 0:24:44]} 26. f3 {[%clk 0:02:39]} 26... Qb6+ {
[%clk 0:24:57]} 27. Kh1 {[%clk 0:03:00]} 27... Qxb2 {[%clk 0:25:06]} 28. Nb1 {
[%clk 0:03:05]} 28... Nf4 {[%clk 0:23:12]} 29. Rc1 {[%clk 0:03:04]} 29... d5 {
[%clk 0:21:13]} 30. Qb4 {[%clk 0:02:18]} 30... Qxb4 {[%clk 0:20:53]} 31. axb4 {
[%clk 0:02:44]} 31... dxe4 {[%clk 0:20:11]} 32. Bxe4 {[%clk 0:03:03]} 32...
Bxe4 {[%clk 0:20:26]} 33. Nxe4 {[%clk 0:03:29]} 33... Nxe4 {[%clk 0:20:28]} 34.
fxe4 {[%clk 0:03:47]} 34... Rd4 {[%clk 0:19:16]} 35. c3 {[%clk 0:04:08]} 35...
Rd6 {[%clk 0:18:17]} 36. Re3 {[%clk 0:04:29]} 36... Rcd8 {[%clk 0:17:40]} 37.
Kh2 {[%clk 0:04:43]} 37... Rd3 {[%clk 0:16:05]} 38. Ree1 {[%clk 0:04:53]} 38...
Kf8 {[%clk 0:13:21]} 39. Rc2 {[%clk 0:04:49]} 39... Ke7 {[%clk 0:11:33]} 40. g3
{[%clk 0:05:12]} 40... Nh5 {[%clk 0:10:51]} 41. Rg2 {[%clk 0:04:13]} 41... Rf3
{[%clk 0:09:15]} 42. Reg1 {[%clk 0:13:09]} 42... Re3 {[%clk 0:24:20]} 43. Rf2 {
[%clk 0:12:39]} 43... Nf6 {[%clk 0:22:16]} 44. Rc1 {[%clk 0:07:22]} 44... Nxe4
{[%clk 0:21:09]} 45. Rg2 {[%clk 0:07:40]} 45... Rdd3 {[%clk 0:21:14]} 46. Rcg1
{[%clk 0:05:56]} 46... Nxc3 {[%clk 0:19:34]} 47. Nxc3 {[%clk 0:03:27]} 47...
Rxc3 {[%clk 0:19:55]} 48. Rb1 {[%clk 0:03:40]} 48... Rb3 {[%clk 0:19:59]} 49.
Rxb3 {[%clk 0:03:56]} 49... Rxb3 {[%clk 0:20:23]} 50. Re2 {[%clk 0:04:23]}
50... Rxb4 {[%clk 0:19:06]} 51. Rxe5+ {[%clk 0:04:46]} 51... Kd6 { [%clk
0:19:26]} 52. Re2 {[%clk 0:04:42]} 52... a5 {[%clk 0:19:45]} 53. Ra2 { [%clk
0:04:52]} 53... a4 {[%clk 0:19:57]} 54. Kg2 {[%clk 0:05:12]} 54... b5 { [%clk
0:20:21]} 0-1

[Event "DEM U12w 2018"]
[Site "Willingen GER"]
[Date "2018.05.24"]
[Round "8"]
[White "Butenandt, Svenja"]
[Black "Schulz, Hannah"]
[Result "1-0"]
[Termination "normal"]
[Board "4"]
[WhiteElo "1730"]
[BlackElo "1651"]
[WhiteClock "00:33:25"]
[BlackClock "00:50:00"]
[PlyCount "47"]
[WhiteFideId "12993859"]
[BlackFideId "16244745"]
[EventCountry "GER"]
[EventRounds "11"]
[EventType "swiss"]
[EventDate "2018.05.19"]

1. d4 {[%clk 1:15:57]} 1... d5 {[%clk 1:15:57]} 2. c4 {[%clk 1:16:24]} 2... e6
{[%clk 1:16:24]} 3. Nc3 {[%clk 1:16:48]} 3... Nf6 {[%clk 1:16:51]} 4. cxd5 {
[%clk 1:17:08]} 4... exd5 {[%clk 1:17:15]} 5. Bg5 {[%clk 1:17:34]} 5... Nbd7 {
[%clk 1:17:34]} 6. e3 {[%clk 1:17:54]} 6... c6 {[%clk 1:17:58]} 7. Bd3 { [%clk
1:18:19]} 7... Be7 {[%clk 1:18:14]} 8. Nge2 {[%clk 1:18:41]} 8... Nh5 { [%clk
1:18:20]} 9. Bxe7 {[%clk 1:19:03]} 9... Qxe7 {[%clk 1:18:45]} 10. O-O { [%clk
1:19:20]} 10... O-O {[%clk 1:18:50]} 11. Qb1 {[%clk 1:18:59]} 11... g6 { [%clk
1:18:20]} 12. b4 {[%clk 1:19:03]} 12... a6 {[%clk 1:18:27]} 13. a4 { [%clk
1:19:05]} 13... Nb6 {[%clk 1:17:47]} 14. b5 {[%clk 1:18:30]} 14... axb5 { [%clk
1:17:43]} 15. axb5 {[%clk 1:18:28]} 15... Rxa1 {[%clk 1:09:06]} 16. Qxa1 {[%clk
1:18:52]} 16... c5 {[%clk 1:07:52]} 17. Qa3 {[%clk 1:16:58]} 17... Qg5 { [%clk
1:03:55]} 18. Qxc5 {[%clk 1:07:31]} 18... Qd8 {[%clk 0:59:49]} 19. Ra1 { [%clk
1:01:28]} 19... Re8 {[%clk 0:57:11]} 20. Na4 {[%clk 0:50:41]} 20... Nxa4 {[%clk
0:56:49]} 21. Rxa4 {[%clk 0:51:02]} 21... Re7 {[%clk 0:55:12]} 22. b6 { [%clk
0:46:07]} 22... Re6 {[%clk 0:53:09]} 23. Bb5 {[%clk 0:35:10]} 23... Nf6 { [%clk
0:50:00]} 24. Ra8 {[%clk 0:33:25]} 1-0

[Event "DEM U12w 2018"]
[Site "Willingen GER"]
[Date "2018.05.24"]
[Round "8"]
[White "Keymer, Cecilia"]
[Black "Baltic, Sara"]
[Result "0-1"]
[Termination "normal"]
[Board "6"]
[WhiteElo "1423"]
[BlackElo "1432"]
[WhiteClock "00:12:01"]
[BlackClock "00:26:53"]
[PlyCount "98"]
[WhiteFideId "16233468"]
[BlackFideId "16210409"]
[EventCountry "GER"]
[EventRounds "11"]
[EventType "swiss"]
[EventDate "2018.05.19"]

1. d4 {[%clk 1:15:58]} 1... d5 {[%clk 1:15:56]} 2. c4 {[%clk 1:16:24]} 2... e6
{[%clk 1:16:19]} 3. Nc3 {[%clk 1:16:45]} 3... Nf6 {[%clk 1:16:43]} 4. cxd5 {
[%clk 1:17:11]} 4... exd5 {[%clk 1:17:05]} 5. Bg5 {[%clk 1:17:13]} 5... Be7 {
[%clk 1:17:09]} 6. e3 {[%clk 1:16:52]} 6... c6 {[%clk 1:17:15]} 7. Bd3 { [%clk
1:16:19]} 7... Nbd7 {[%clk 1:16:15]} 8. Qc2 {[%clk 1:14:15]} 8... Nf8 { [%clk
1:15:57]} 9. Nf3 {[%clk 1:10:16]} 9... Ne6 {[%clk 1:15:26]} 10. Bh4 { [%clk
1:04:57]} 10... g6 {[%clk 1:14:22]} 11. h3 {[%clk 1:01:50]} 11... Ng7 { [%clk
1:14:03]} 12. Bxf6 {[%clk 0:53:09]} 12... Bxf6 {[%clk 1:13:57]} 13. O-O-O
{[%clk 0:45:54]} 13... Be6 {[%clk 1:11:11]} 14. g4 {[%clk 0:42:15]} 14... Qd7 {
[%clk 1:08:28]} 15. Nd2 {[%clk 0:34:58]} 15... O-O-O {[%clk 1:07:51]} 16. Nb3 {
[%clk 0:32:23]} 16... Kb8 {[%clk 1:07:07]} 17. Nc5 {[%clk 0:31:45]} 17... Qe8 {
[%clk 1:06:17]} 18. Qb3 {[%clk 0:30:37]} 18... b6 {[%clk 1:04:41]} 19. Nxe6 {
[%clk 0:26:54]} 19... Nxe6 {[%clk 1:03:46]} 20. Ba6 {[%clk 0:24:26]} 20... Nc7
{[%clk 0:57:23]} 21. Be2 {[%clk 0:23:41]} 21... Rc8 {[%clk 0:52:41]} 22. Kb1 {
[%clk 0:22:32]} 22... Bh4 {[%clk 0:46:44]} 23. Rdf1 {[%clk 0:20:50]} 23... b5 {
[%clk 0:38:58]} 24. a4 {[%clk 0:20:07]} 24... a6 {[%clk 0:38:46]} 25. axb5 {
[%clk 0:16:23]} 25... Nxb5 {[%clk 0:36:10]} 26. Qb4 {[%clk 0:14:02]} 26... Ka8
{[%clk 0:32:59]} 27. Qa5 {[%clk 0:12:59]} 27... Nxc3+ {[%clk 0:32:13]} 28. Qxc3
{[%clk 0:12:53]} 28... Bxf2 {[%clk 0:28:27]} 29. Bxa6 {[%clk 0:10:29]} 29...
Rc7 {[%clk 0:25:07]} 30. Bb5 {[%clk 0:08:15]} 30... Qe4+ {[%clk 0:23:54]} 31.
Ka2 {[%clk 0:07:44]} 31... Ra7+ {[%clk 0:23:14]} 32. Kb3 {[%clk 0:07:55]} 32...
cxb5 {[%clk 0:23:18]} 33. Qc6+ {[%clk 0:08:08]} 33... Kb8 {[%clk 0:23:40]} 34.
Qd6+ {[%clk 0:08:14]} 34... Rc7 {[%clk 0:22:37]} 35. Qb6+ {[%clk 0:08:24]}
35... Rb7 {[%clk 0:22:31]} 36. Qd6+ {[%clk 0:08:40]} 36... Rc7 {[%clk 0:22:23]}
37. Qb6+ {[%clk 0:08:50]} 37... Kc8 {[%clk 0:22:20]} 38. Qa6+ {[%clk 0:08:53]}
38... Kd8 {[%clk 0:21:56]} 39. Qf6+ {[%clk 0:08:38]} 39... Kd7 {[%clk 0:21:43]}
40. Qxf7+ {[%clk 0:08:02]} 40... Kc8 41. Rc1 {[%clk 0:00:42]} 41... Qxe3+ {
[%clk 0:14:50]} 42. Ka2 {[%clk 0:14:44]} 42... Rxc1 {[%clk 0:29:31]} 43. Rxc1+
{[%clk 0:14:57]} 43... Qxc1 {[%clk 0:29:52]} 44. Qe6+ {[%clk 0:13:29]} 44...
Kb7 {[%clk 0:29:34]} 45. Qf7+ {[%clk 0:13:08]} 45... Qc7 {[%clk 0:28:07]} 46.
Qxf2 {[%clk 0:12:47]} 46... Rc8 {[%clk 0:26:52]} 47. Qf3 {[%clk 0:12:23]} 47...
Qc4+ {[%clk 0:26:22]} 48. Ka1 {[%clk 0:11:59]} 48... Qc1+ {[%clk 0:26:29]} 49.
Ka2 {[%clk 0:12:01]} 49... Ra8+ {[%clk 0:26:53]} 0-1

[Event "DEM U12w 2018"]
[Site "Willingen GER"]
[Date "2018.05.24"]
[Round "8"]
[White "Bildat, Emilia"]
[Black "Lorenz, Anouk"]
[Result "1-0"]
[Termination "normal"]
[Board "7"]
[WhiteElo "1460"]
[BlackElo "1310"]
[WhiteClock "00:36:37"]
[BlackClock "00:00:00"]
[PlyCount "118"]
[WhiteFideId "16218140"]
[BlackFideId "12990256"]
[EventCountry "GER"]
[EventRounds "11"]
[EventType "swiss"]
[EventDate "2018.05.19"]

1. d4 {[%clk 1:15:58]} 1... f5 {[%clk 1:15:54]} 2. c4 {[%clk 1:16:22]} 2... Nf6
{[%clk 1:16:13]} 3. Nc3 {[%clk 1:16:45]} 3... g6 {[%clk 1:16:35]} 4. Nf3 {
[%clk 1:17:10]} 4... Bg7 {[%clk 1:16:56]} 5. g3 {[%clk 1:17:31]} 5... O-O {
[%clk 1:17:13]} 6. Bg2 {[%clk 1:17:54]} 6... d6 {[%clk 1:17:29]} 7. O-O { [%clk
1:18:12]} 7... Qe8 {[%clk 1:17:52]} 8. d5 {[%clk 1:18:30]} 8... e5 { [%clk
1:14:00]} 9. dxe6 {[%clk 1:18:09]} 9... Bxe6 {[%clk 1:14:07]} 10. Nd4 { [%clk
1:17:26]} 10... Nc6 {[%clk 1:00:56]} 11. Nxe6 {[%clk 1:16:49]} 11... Qxe6
{[%clk 1:00:55]} 12. Bg5 {[%clk 1:16:56]} 12... Qd7 {[%clk 0:58:40]} 13. Qb3 {
[%clk 1:14:23]} 13... Kh8 {[%clk 0:52:40]} 14. Qxb7 {[%clk 1:13:51]} 14... Ne5
{[%clk 0:36:50]} 15. b3 {[%clk 1:07:31]} 15... a6 {[%clk 0:28:55]} 16. Bxf6 {
[%clk 1:05:48]} 16... Bxf6 {[%clk 0:27:16]} 17. Rac1 {[%clk 1:05:20]} 17... Bg7
{[%clk 0:09:27]} 18. Qd5 {[%clk 0:57:52]} 18... Rfe8 {[%clk 0:07:29]} 19. Qa5 {
[%clk 0:54:25]} 19... c6 {[%clk 0:04:11]} 20. Rfd1 {[%clk 0:52:51]} 20... Ra7 {
[%clk 0:01:57]} 21. Qa3 {[%clk 0:49:19]} 21... Nf7 {[%clk 0:02:00]} 22. e3 {
[%clk 0:47:56]} 22... Rd8 {[%clk 0:02:11]} 23. c5 {[%clk 0:47:52]} 23... d5 {
[%clk 0:02:11]} 24. Na4 {[%clk 0:47:31]} 24... Qe7 {[%clk 0:01:27]} 25. Nb6 {
[%clk 0:47:15]} 25... Kg8 {[%clk 0:01:42]} 26. b4 {[%clk 0:46:01]} 26... Ne5 {
[%clk 0:01:20]} 27. Qb3 {[%clk 0:45:07]} 27... Kh8 {[%clk 0:01:23]} 28. a4 {
[%clk 0:44:02]} 28... Nd7 {[%clk 0:01:00]} 29. Rc2 {[%clk 0:43:29]} 29... Kg8 {
[%clk 0:01:06]} 30. Nxd7 {[%clk 0:41:23]} 30... Rdxd7 {[%clk 0:01:23]} 31. b5 {
[%clk 0:39:33]} 31... axb5 {[%clk 0:01:37]} 32. axb5 {[%clk 0:39:57]} 32...
Rdb7 {[%clk 0:02:00]} 33. b6 {[%clk 0:40:10]} 33... Ra5 {[%clk 0:02:00]} 34.
Rdc1 {[%clk 0:38:22]} 34... Bf8 {[%clk 0:01:14]} 35. Qb4 {[%clk 0:31:39]} 35...
Ra8 {[%clk 0:00:53]} 36. Rc3 {[%clk 0:30:34]} 36... Rab8 {[%clk 0:00:39]} 37.
Qb3 {[%clk 0:28:58]} 37... Bg7 {[%clk 0:00:46]} 38. R3c2 {[%clk 0:29:17]} 38...
Kh8 {[%clk 0:00:52]} 39. Bf1 {[%clk 0:29:23]} 39... Ra8 {[%clk 0:00:59]} 40.
Ra2 {[%clk 0:29:31]} 40... Rxa2 {[%clk 0:01:18]} 41. Qxa2 {[%clk 0:29:54]}
41... Bf8 {[%clk 0:01:13]} 42. Qa8 {[%clk 0:29:52]} 42... Rd7 {[%clk 0:00:33]}
43. Qxc6 {[%clk 0:29:41]} 43... Bg7 {[%clk 0:13:54]} 44. Qa8+ {[%clk 0:43:42]}
44... Rd8 {[%clk 0:11:47]} 45. b7 {[%clk 0:42:54]} 45... Qc7 {[%clk 0:09:57]}
46. c6 {[%clk 0:40:10]} 46... Be5 {[%clk 0:09:13]} 47. Bg2 {[%clk 0:37:50]}
47... Kg7 {[%clk 0:07:15]} 48. Rc5 {[%clk 0:37:04]} 48... Kf6 {[%clk 0:03:25]}
49. Rxd5 {[%clk 0:36:28]} 49... Rxd5 {[%clk 0:03:43]} 50. Bxd5 {[%clk 0:36:41]}
50... Qb8 {[%clk 0:00:49]} 51. Qxb8 {[%clk 0:36:14]} 51... Bxb8 {[%clk 0:01:13]
} 52. f4 {[%clk 0:36:23]} 52... h6 {[%clk 0:00:46]} 53. e4 {[%clk 0:36:19]}
53... fxe4 {[%clk 0:01:05]} 54. Bxe4 {[%clk 0:36:42]} 54... g5 {[%clk 0:01:21]}
55. f5 {[%clk 0:35:58]} 55... Ke5 {[%clk 0:00:35]} 56. g4 {[%clk 0:35:32]}
56... Kxe4 {[%clk 0:00:33]} 57. f6 {[%clk 0:35:56]} 57... Bd6 {[%clk 0:00:55]}
58. f7 {[%clk 0:36:16]} 58... Kd5 {[%clk 0:00:35]} 59. c7 {[%clk 0:36:37]}
59... Bxc7 {[%clk 0:00:00]} 1-0